当初から町制を施行している町(宮城県) - Statistics

General Stats
  • This quiz has been taken 59 times
  • The average score is 13 of 19
Answer Stats
% Correct
牡鹿郡 石巻町
93%
本吉郡 気仙沼町
91%
亘理郡 亘理町
91%
志田郡 古川町
89%
登米郡 登米町
85%
刈田郡 白石町
85%
名取郡 岩沼町
83%
柴田郡 大河原町
83%
伊具郡 角田町
78%
宮城郡 塩竈町
72%
遠田郡 涌谷町
63%
登米郡 佐沼町
61%
加美郡 中新田町
52%
黒川郡 吉岡町
48%
栗原郡 若柳町
46%
玉造郡 岩出山町
46%
宮城郡 原町
41%
牡鹿郡 渡波町
39%
栗原郡 岩ヶ崎町
24%
No matching quizzes found
Score Distribution
Percent of People with Each Score
Percentile by Number Answered
Your Score History
You have not taken this quiz